Environmental Labeling Issues, Policies, and Practices Worldwide

Enregistré dans:
Détails bibliographiques
Format: Livre
Langue:anglais
Publié: U.S. Environmental Protection Agency 1998
Sujets:
Tags: Ajouter un tag
Pas de tags, Soyez le premier à ajouter un tag!

MARC

LEADER 00000nam a22000003a 4500
001 0030893
003 SK-STU
005 20180202094851.7
007 ta
008 180202s ----xo-----e------000-0-----d
020 |a 9781288648658 
040 |a STU  |b slo 
041 0 |a eng 
044 |a xxu 
245 1 0 |a Environmental Labeling Issues, Policies, and Practices Worldwide 
260 |b U.S. Environmental Protection Agency  |c 1998 
300 |a 67 s.+príl. 
650 0 7 |a environmentálna politika 
650 0 7 |a environmentálne značky 
996 |b 284M087629  |c M* 14111-1  |l MMKN  |s A  |a 24  |w 0030893_0001